000 00742cab a2200205 4500
001 ABS53503
008 090401t1995 xxu||||| |||| 00| 0 eng d
035 _a(Sirsi) u4758
041 _aeng
245 _aHampson (Trading as Abbey Self Storage) v Newcastle upon Tyne City Council
260 _c1995
350 _a0
490 _aRating Appeals
_v1995 RA 199-204(4)
520 _aQBD 24 November 1994. Upheld the Magistrate Court`s decision that the appellant (who was engaged in letting out storage space ) satisfied the rateable occupation provisions of the General Rate Act 1967.
650 _aGENERAL RATE ACT 1967
650 _aRATEABLE OCCUPATION
690 _aRATING AND VALUATION-CASE LAW
942 _n0
948 _c04/03/1997
999 _c2883
_d2883